01001nam a2200217 a 450000100060000000300080000600500170001400800410003103500190007204000230009104100080011408200320012211000440015424501420019825000140034026000470035430000170040150502430041865000470066171000750070845224BD-RjUL20211209054001.0160725s1964 ii 000 0 eng  a(BD-RjUL)45342 aDLCcDLCdDLCbeng aeng00a343.5491052223 bINC 1964 1 aIndia (Republic).kLaws, statutes, etc.10aIncome tax manual : bCorrected upto the 31st december, 1964 / cissued by Directorate of Inspection (Research, Statistics & Publication. a3rd edi.  aKarachi :bManager of Publications,c1964  av. ;c25 cm.1 apt. 1. Containing the Income-tax Act, 1961 (43 of 1961) as amended by the various amending Acts and Finance Acts from 1962 to 1970 and Extracts from the Finance Act, 1970 (No. 19 of 1970) pt. 2. Statutory rules, orders, and notifications. 0aIncome taxxLaw and legislationzPakistan 1 aIndia.bDirectorate of Inspection (Research, Statistics & Publication)